La Iglesia y el Estado Argentino : (Páginas de Historia) /

Guardado en:
Autor Principal: Gimenez, Angel M.
Formato: Libro
Idioma:Undetermined
Publicado: Buenos Aires : [s.n.], 1934.
Materias:
Etiquetas: Agregar Etiqueta
Sin Etiquetas, Sea el primero en etiquetar este registro!
LEADER 00516nam a22001575a 4500
001 EHU.bham046921
005 20110601150105.0
008 110601s1934####ag############000#0#und#d
100 1 |a Gimenez, Angel M. 
245 0 0 |a La Iglesia y el Estado Argentino :  |b (Páginas de Historia) /  |c Angel M. Gimenez. 
260 |a Buenos Aires :  |b [s.n.],  |c 1934. 
300 |a 272 p. 
653 |a Iglesia 
653 |a Estado Argentino 
653 |a Historia de la Iglesia 
859 |a AR-BHAM  |b BIB. HUMANIDADES - Donacion Lejarraga  |h MFN001140  |p 001140.19